000 00472nam a22001817a 4500
003 CEME
005 20210628202022.0
008 210129b xxu||||| |||| 00| 0 eng d
020 _a0-86163-849-2
040 _c.
082 _a823.008 BLY
100 _aBlyton, Enid
_911689
245 _a The donkey on the sands and other storeis
260 _aNEW YORK
_bAWARD PUBLICATION
_c2001
300 _a190P
650 _aENGLISH LITERATURE-STORIES
_91860
942 _cBK
_2ddc
999 _c568156
_d568156